<?xml version="1.0" encoding="UTF-8"?>
<collection xmlns="http://www.loc.gov/MARC21/slim">
 <record>
  <leader>00512pamaa2200169   4500</leader>
  <controlfield tag="001">0000021400</controlfield>
  <controlfield tag="005">20090630090000.0</controlfield>
  <controlfield tag="008">090630                             eng  </controlfield>
  <datafield tag="020" ind1="0" ind2="0">
   <subfield code="a">9780755328642 (pbk.) </subfield>
  </datafield>
  <datafield tag="090" ind1="0" ind2="0">
   <subfield code="a">PR6053.O413.F34 </subfield>
   <subfield code="b">COL 2008</subfield>
  </datafield>
  <datafield tag="100" ind1="1" ind2="0">
   <subfield code="a">Cole </subfield>
  </datafield>
  <datafield tag="245" ind1="1" ind2="0">
   <subfield code="a">Faces  </subfield>
   <subfield code="c">Martina Cole.</subfield>
  </datafield>
  <datafield tag="260" ind1="0" ind2="0">
   <subfield code="a">London: </subfield>
   <subfield code="b">Headline, </subfield>
   <subfield code="c">2008.</subfield>
  </datafield>
  <datafield tag="300" ind1=" " ind2=" ">
   <subfield code="a">666p.; </subfield>
   <subfield code="c">18cm.</subfield>
  </datafield>
  <datafield tag="650" ind1="0" ind2="0">
   <subfield code="a">Criminals -- </subfield>
   <subfield code="x">Fiction -- </subfield>
   <subfield code="z">England -- </subfield>
   <subfield code="z">London </subfield>
  </datafield>
  <datafield tag="650" ind1="0" ind2="0">
   <subfield code="a">Crime -- </subfield>
   <subfield code="x">Fiction -- </subfield>
   <subfield code="z">England -- </subfield>
   <subfield code="z">London </subfield>
  </datafield>
  <datafield tag="901" ind1=" " ind2=" ">
   <subfield code="u">www.martinacole.co.uk</subfield>
  </datafield>
 </record>
</collection>
